| 000 | 01092nam a2200277 4500 | ||
|---|---|---|---|
| 001 | 0000023584 | ||
| 003 | CO-CtgCURN | ||
| 005 | 20251015220515.0 | ||
| 008 | 160627s2004 000 0 eng d | ||
| 020 | _a9789586534000 | ||
| 040 |
_aCO-CtgCURN _bspa _ccoctgcurn |
||
| 082 | 0 |
_a346 _bT646 |
|
| 100 | 1 | _aTourneau, Philippe Le. | |
| 245 | 1 | 3 |
_aLa responsabilidad civil / _cPhilippe Le Tourneau, traducción de Javier tamayo Jaramillo. |
| 260 |
_aBogotá : _bLegis, _c2004. |
||
| 300 | _a204 p. | ||
| 336 | _2rdacontent | ||
| 337 |
_2rdamedia _asin mediacion _bn |
||
| 338 |
_2rdacarrier _avolumen _bnc |
||
| 505 | 8 | _aLos fundamentos de la responsabilidad civil y su evolucion.--El perjuicio.--La casualidad.--El desfallecimiento contractual.--La responsabilidad civil por culpa.--La responsabilidad por el hecho ajeno.--La responsabilidad por el hecho de las cosas | |
| 650 | 0 | _aDerecho civil. | |
| 700 | 1 |
_aTamayo Jaramillo, Javier, _eTraductor. |
|
| 908 | _a160627 | ||
| 942 |
_cBK _h346 _iT646 _2ddc |
||
| 999 |
_c50175 _d50175 _x1 |
||